BASIC EXO KNOWLEDGE (KPOP) - Statistics

General Stats
  • This quiz has been taken 607 times
  • The average score is 5 of 24
Answer Stats
Questions (According to Age) Answer % Correct
Maknaes of the group Kai Sehun
55%
Rappers Chanyeol Sehun
53%
EXO K + EXO M + .... = ONE EXO L
48%
Duo beagle (ship name) Chanbaek
47%
Oldest of the group? Xiumin Suho
47%
EXO's motto? We are One
37%
Lay's Power? Healing
35%
92 liners Baekhyun Chen Chanyeol
29%
Xiumin's nickname Baozi
23%
Dancers Lay Kai Sehun
21%
Vocalists Baekhyun Chen DO
19%
Kai's hair during overdose era? White
19%
DO, Chanyeol and Suho are in charge of ..... in their dorm Cooking
18%
Amount EXO's Full Length Album? 3
16%
Kai's spirit animal? Bear
12%
Sehun's height? 183cm
10%
Where did Lay come from? (city) Changsha
10%
What was the answer that made EXO escape the noraebang during exo's showtime episode 11? Growl
8%
Strongest members? Xiumin DO
5%
Sehun's shoulder length? 49cm
4%
During What is Love MV, what was DO holding? A kite
2%
When did Sehun first revealed his abs? (DD-MM-YY) 07-11-15
1%
When did Baekhyun first revealed his abs? (DD-MM-YY) 29-07-16
1%
During WOLF MV, what was Kai wearing? A bandanna
1%
No matching quizzes found
Score Distribution
Percent of People with Each Score
Percentile by Number Answered
Your Score History
You have not taken this quiz